000 00839nas a2200265 4500
001 BR9503506
003 BR-BrBNA
005 20231205094046.0
007 ta
008 230509b bl.|||p| |||| 00| 00por d
040 _aBR-BrBNA
_bpor
_cBiblioteca Nacional de Agricultura
041 _a(Pt)
072 _aF02
100 1 _aBacarin, M.A.
100 1 _aBenincasa, M.M.P.
100 1 _aAndrade, V.M.M.
100 1 _aPereira, F.M.
245 1 _aEnraizamento de estacas aereas de goiabeira (Psidium guajava L.): efeito do acido indolil butirico (AIB)sobre a iniciacao radicular
650 _aGoiaba
650 _aEnraizamento de Estaca
650 _aAcido Indolbutirico
773 0 _tCientifica (Brazil)
_xISSN 0100-0039
_g(1994), v. 22(1) p. 71-79
_wBR9503506
909 _a202311
_bLúcia
_c55
_dLúcia Elande
942 _2AGRIS
_n0
_cANA
999 _c141819
_d141819